| 000 | 01373cam a2200385 a 4500 | ||
|---|---|---|---|
| 001 | 12502330 | ||
| 003 | ARRUPE | ||
| 005 | 20141210134236.0 | ||
| 008 | 010814s2001 miu b 001 0 eng d | ||
| 010 | _a 2001273342 | ||
| 020 | _a0879077654 (hard) | ||
| 020 | _a0879079657 (pbk.) | ||
| 035 | _a(OCoLC)ocm46736635 | ||
| 040 |
_aXII _cXII _dOCL _dDLC |
||
| 041 | 1 |
_aeng _hfre _hlat |
|
| 042 | _alccopycat | ||
| 050 | 0 | 0 |
_aBX1749 _b.A53213 2001 |
| 082 | 0 | 0 |
_a252/.02 _222 |
| 100 | 0 |
_aAchard, _cde Saint-Victor, _d-approximately 1171. _913244 |
|
| 240 | 1 | 0 |
_aWorks. _kSelections. _lEnglish. |
| 245 | 1 | 0 |
_aAchard of Saint Victor : _bworks / _ctranslation and introduction by Hugh Feiss. |
| 260 |
_aKalamazoo, Mich. : _bCistercian Publications, _c2001. |
||
| 300 |
_a493 p. ; _c22 cm. |
||
| 440 | 0 |
_aCistercian studies series ; _vno. 165 _913245 |
|
| 504 | _aIncludes bibliographical references and index. | ||
| 650 | 0 |
_aTheology _xEarly works to 1800. _913246 |
|
| 650 | 0 |
_aSermons, Latin _xTranslations into English. _913247 |
|
| 650 | 0 |
_aSermons, Medieval. _913248 |
|
| 650 | 0 |
_aPhilosophy, Medieval. _913249 |
|
| 650 | 0 |
_aTheology _xHistory _yMiddle Ages, 600-1500. _913250 |
|
| 700 | 1 |
_aFeiss, Hugh. _913221 |
|
| 906 |
_a7 _bcbc _ccopycat _d2 _encip _f20 _gy-gencatlg |
||
| 942 |
_2lcc _cMONOGRAPH |
||
| 999 |
_c121447 _d121447 |
||